000 00685nam a22001577a 4500
003 OSt
005 20151111110626.0
008 151005b xxu||||| |||| 00| 0 eng d
040 _cRUA
082 _aFOR SAR 2004 B130 Or.1
100 _92078
_aSAR MAKARA
245 _aA development project on small botanical garden of the forestry facul within royal university of agriculture, (គំរោងអភិវឌ្ឍន៍សួនរុក្ខជាតិទ្រង់ទ្រាយតូច​របស់មហាវិទ្យាល័យភូមិន្ទកសិកម្ម)
260 _aphnom penh
_brua
_c2004
300 _ax, 50p.
_bill.
_c29cm.
942 _2ddc
_cFOR
999 _c1962
_d1962